000 00380nam a2200109Ia 4500
008 171204s9999 xx 000 0 und d
245 _aJoint Attention: Its Origins and Role in Development
245 _cChris Moore, Phil Dunham, and Philip J. Dunham
260 _c2014
650 _xPRF Ed 1: Child & Adolescent Development
856 _uhttp://down.ebook777.com/055/080581437X.pdf
999 _c345848
_d345848